| 000 | 00515nam a2200145Ia 4500 | ||
|---|---|---|---|
| 008 | 220216s9999 xx 000 0 und d | ||
| 100 | _aSimon P.C. | ||
| 245 | 0 | _aStudies on intercropping in rubber plantation with ginger, plantain and gingelly in Taliparamba taluk | |
| 260 |
_bDissertation, PG Diploma in Natural Rubber Production, Kerala Agricultural University, Trichur, India, 37 p. _c1992 |
||
| 650 | _aGingelly | ||
| 650 | _aGinger | ||
| 650 | _aIntercropping | ||
| 650 | _aRubber plantation | ||
| 942 | _cBS | ||
| 999 |
_c52909 _d52909 |
||